000 00377nam a2200157Ia 4500
003 LK-CoDNM
008 140723t2022 xxu||||| |||| 00| 1 eng d
020 _a
_a9786240015868
040 _aLK-CoDNM
_dLK-CoDNM
_eLK-CoDNM
041 _aeng
080 _a070
_bNAN
100 _aNan
245 _aPeople Events Places
260 _bS.Godage Publisher
_aColombo
_c2022
942 _cBK
999 _c80044
_d80044